Telefoniczne numery kierunkowe międzymiastowe - Statystyki

Ogólne statystyki
  • Ten quiz został rozwiązany 10 razy
  • Średni wynik to 14 z 18
Statystyki odpowiedzi
Numer Miasto % Poprawnych
12 Kraków
100%
42 Łódź
100%
17 Rzeszów
100%
22 Warszawa
100%
71 Wrocław
100%
58 Gdańsk
90%
32 Katowice
90%
68 Zielona Góra
90%
77 Opole
80%
56 Toruń
80%
52 Bydgoszcz
70%
14 Tarnów
70%
81 Lublin
60%
18 Nowy Sącz
60%
16 Przemyśl
60%
59 Słupsk
60%
13 Krosno
50%
95 Gorzów Wlkp.
0%
Nie znaleziono quizów pasujących do podanych kryteriów
Rozkład punktacji
Procent ludzi z każdym wynikiem
Percentyl według liczby udzielonych odpowiedzi
Twoja historia wyników
Nie rozwiązałeś tego quizu